الحماية الاجتماعية للعمال ضحايا الإرهاب : (Record no. 23581)

MARC details
000 -الفاتح
حقل البيانات ثابتة الطول 01111nam a22002535a 4500
003 - محدد رقم الضبط
رقم الضبط OSt
005 - وقت وتاريخ اخر تعامل مع التسجيلة
رقم الضبط 20161215120839.0
008 - عناصر البيانات ثابتة الطول - معلومات عامة
حقل البيانات ثابتة الطول 161215s2006 ua frb 000 0 ara d
015 ## -
-- 2006/23959
020 ## - الرقم الدولى المعيارى للكتب
الرقم الدولى المعيارى للكتاب 9770451134
040 ## - مصدر الفهرسة
وكالة الفهرسة الأصلية EG-ScBUE
لغة الفهرسة ara
وكالة النسخ EG-ScBUE
043 ## - رمز المنطقة الجغرافية
رمز المنطقة الجغرافية f-ua---
082 04 - رقم تصنيف ديوى العشرى
رقم التصنيف 344.62053208623
رقم المادة ع ب د
رقم الطبعة 22
100 1# - المدخل الرئيسى - إسم شخصى
الإسم الشخصى عبد الحليم، سلامة عبد التواب.
245 12 - بيان العنوان
العنوان الحماية الاجتماعية للعمال ضحايا الإرهاب :
بقية العنوان دراسة تحليلية في ضوء قانون التأمين الاجتماعي رقم 79 لسنة 1975 /
بيان المسئوليه,etc سلامة عبد التواب عبد الحليم.
260 ## - PUBLICATION, DISTRIBUTION, ETC. (IMPRINT)
مكان الناشر او الموزع القاهرة :
اسم الناشر او الموزع دار النهضة العربية،
تاريخ النشر أو التوزيع 2006.
300 ## - الوصف المادى
التعداد 166 ص. ؛
أبعاد الوعاء 24 سم.
504 ## - تبصرة ببليوجرافية
تبصرة ببليوجرافية,الخ يشتمل على إرجاعات ببليوجرافية.
650 #7 - المدخل الاضافى بالموضوع-مصطلح موضوعى
مصطلح موضوعي أو اسم جغرافي كعنصر مدخل التأمين الاجتماعي
التقسيم الفرعي العام قوانين وتشريعات
التقسيم الفرعي الجغرافي مصر.
مصدر الرأس أو المصطلح BUEsh
9 (RLIN) 20366
650 #7 - المدخل الاضافى بالموضوع-مصطلح موضوعى
مصطلح موضوعي أو اسم جغرافي كعنصر مدخل العمل والعمال
التقسيم الفرعي العام قوانين وتشريعات
التقسيم الفرعي الجغرافي مصر.
مصدر الرأس أو المصطلح BUEsh
9 (RLIN) 10938
651 ## - المدخل الاضافى بالموضوع - اسم جغرافى
مصدر الرأس أو المصطلح BUEsh
653 ## - مصطلح تكشيفى غير مقيد
Resource For college Law
Arrived date list December2016
942 ## - عناصر المدخل الإضافي( كوها)
مصدر التصنيف او مخطط الترفيف Dewey Decimal Classification
Holdings
حالة التراجع حالة الفقد مصدر التصنيف او خطة الترفيف تحديد مواد ( مجلدات مجمعه أو جزء أخر) حالة تلف ليس للاعارة مجموعات كوها المكان الدائم المكان الحالي موقع الترفيف تاريخ الاكتساب Source of acquisition سعر الشراء الطبيعي تعداد مسلسل / التسلسل الزمني رقم الاستدعاء الباركود Date last seen التكلفة نوع الوعاء
  Lost Dewey Decimal Classification Lost_In_Inventory_12-2-2024     دار النهضة العربية Central Library Central Library First floor 15/12/2016 Purchase 30.00 2815 344.62053208623 ع ب د 000040432 24/08/2022 37.50 Book - Borrowing
    Dewey Decimal Classification       دار النهضة العربية Central Library Central Library First floor 15/12/2016 Purchase 30.00 2815 344.62053208623 ع ب د 000040431 15/07/2025 37.50 Book - Borrowing